| 000 | 00591nam a22001815i 4500 | ||
|---|---|---|---|
| 001 | 164540 | ||
| 003 | ES-MaACL | ||
| 005 | 20231229063050.0 | ||
| 008 | 011211s1868 sp |||| | spa d | ||
| 080 | _a342.731 | ||
| 100 | 1 |
_aSánchez, Miguel, _d1833-1889 _9102411 |
|
| 245 | 1 | 3 |
_aLa libertad de cultos / _cpor Miguel Sánchez. |
| 260 |
_aMadrid : _b[s.n.], _c1868 ( _fimp. de Anastasio Moreno) |
||
| 300 |
_a32 p. ; _c21 cm. |
||
| 650 | 4 |
_aLibertad religiosa. _914416 |
|
| 852 | 4 |
_aES-MaACL _jT-91-F-9 _z- Enc. hol. _z- Enc. en un vol. facticio |
|
| 999 |
_c164540 _d164540 |
||